Mars-Crossing Asteroids With Moons - Statistics

General Stats
  • This quiz has been taken 2 times
  • The average score is 2 of 30
Answer Stats
Answer % Correct
(23621) 1996 PA
100%
(34706) 2001 OP
50%
(100015) 1989 SR
0%
1139 Atami
0%
(114319) 2002 XD
0%
12008 Kandrup
0%
13920 Montecorvino
0%
(15700) 1987 QD
0%
1656 Suomi
0%
(16635) 1993 QO
0%
1727 Mette
0%
2044 Wirt
0%
(218144) 2002 RL
0%
24495 Degroff
0%
2449 Kenos
0%
2577 Litva
0%
26074 Carlwirtz
0%
26471 Tracybecker
0%
(32039) 2000 JO
0%
3873 Roddy
0%
4435 Holt
0%
(51356) 2000 RY
0%
5261 Eureka
0%
(53432) 1999 UT
0%
(5407) 1992 AX
0%
(54697) 2001 FA
0%
7002 Bronshten
0%
7369 Gavrilin
0%
8373 Stephengould
0%
(99913) 1997 CZ
0%
No matching quizzes found
Score Distribution
Percent of People with Each Score
Percentile by Number Answered
Your Score History
You have not taken this quiz